000 00784cam a2200277 i 4500
001 74749
003 BD-RjUL
005 20211209082609.0
008 920626s1962 xx 00000 eng d
035 _a(BD-RjUL)
035 _a1335099
040 _aANL
_beng
_dANL
_cBD-RjUL
041 _aeng
082 _a631.40954
_bARS 1962
_223
100 1 _aArakeri, H. R.
_9225379
245 1 0 _aSoil management in India /
_c<by> H. R. Arakeri and others ; With bibl. notes.
250 _a2nd rev. ed.
260 _alondon :
_bAsia Pub. House,
_c1962.
300 _a 609 p :
_bIllus., tables ;
_c21 1/2 cm.
650 0 _aSoils
_zIndia.
_9225380
700 _aChalam, G.V.
_9161651
700 _aSatyanarayana, P.
_9225382
942 _2ddc
_cBK
999 _c74749
_d74749